[Event "25th Czech Rapid G1 2014"]
[Site "Pardubice CZE"]
[Date "2014.07.17"]
[Round "9.11"]
[White "Satyapragyan, Swayangsu"]
[Black "Chernyshov, Konstantin"]
[Result "1-0"]
[WhiteTitle "IM"]
[BlackTitle "GM"]
[WhiteElo "2393"]
[BlackElo "2508"]
[WhiteFideId "5004306"]
[BlackFideId "4117328"]
[EventDate "2014.07.16"]

1. d4 e6 2. Nf3 f5 3. g3 b6 4. d5 Bb7 5. c4 Nf6 6. Bg2 Na6 7. O-O Nc5 8. Nc3 Bd6
9. Nb5 a5 10. Nxd6+ cxd6 11. Nd4 Qe7 12. Nb5 Rd8 13. Bf4 e5 14. Bd2 O-O 15. a3
a4 16. Bb4 Ra8 17. Bxc5 bxc5 18. Nc3 e4 19. Nxa4 e3 20. f4 Ng4 21. Nc3 g5 22.
Qc2 Nf2 23. Nd1 gxf4 24. Nxf2 exf2+ 25. Rxf2 fxg3 26. hxg3 Qe3 27. Rd1 Qxg3 28.
Rd3 Qg4 29. Qb3 f4 30. Qxb7 Rab8 31. Qc7 Rxb2 32. Rdf3 Rb1+ 33. Rf1 Rb2 34. Qxd6
Rxe2 35. Qxf8+ Kxf8 36. Rxf4+ Qxf4 37. Rxf4+ Kg7 38. Re4 Rc2 39. Re7+ Kf6 40.
Rxh7 Rxc4 41. Rxd7 Rc1+ 42. Kh2 c4 43. Rc7 Ke5 44. a4 1-0

[Event "25th Czech Rapid G1 2014"]
[Site "Pardubice CZE"]
[Date "2014.07.17"]
[Round "9.12"]
[White "Sergeev, Vladimir"]
[Black "Freisler, Pavel"]
[Result "1-0"]
[WhiteTitle "GM"]
[BlackTitle "IM"]
[WhiteElo "2447"]
[BlackElo "2301"]
[WhiteFideId "14101076"]
[BlackFideId "301477"]
[EventDate "2014.07.16"]

1. Nf3 Nf6 2. d4 e6 3. Bf4 c5 4. e3 b6 5. h3 Bb7 6. Nbd2 Be7 7. Bd3 d6 8. O-O
Nbd7 9. c3 O-O 10. Nc4 Qc7 11. a4 Bd5 12. Nfd2 e5 13. dxe5 dxe5 14. Bh2 Qc6 15.
e4 Nxe4 16. Bxe4 Bxe4 17. Nxe4 1-0

[Event "25th Czech Rapid G1 2014"]
[Site "Pardubice CZE"]
[Date "2014.07.17"]
[Round "9.13"]
[White "Akesson, Ralf"]
[Black "Biolek, Richard Jr."]
[Result "1-0"]
[WhiteTitle "GM"]
[BlackTitle "IM"]
[WhiteElo "2462"]
[BlackElo "2429"]
[WhiteFideId "1700120"]
[BlackFideId "319996"]
[EventDate "2014.07.16"]

1. Nf3 Nf6 2. c4 g6 3. Nc3 Bg7 4. e4 d6 5. d4 O-O 6. h3 e5 7. d5 Nh5 8. Be3 Qe8
9. c5 f5 10. cxd6 cxd6 11. Nb5 Qe7 12. Rc1 Na6 13. Nxa7 fxe4 14. Nxc8 Raxc8 15.
Rxc8 Rxc8 16. Nd2 Nb4 17. Bc4 b5 18. a3 bxc4 19. axb4 Nf4 20. O-O Qh4 21. Bxf4
Qxf4 22. Re1 e3 23. Rxe3 Qd4 24. Re4 Qxd5 25. Qg4 Ra8 26. Nxc4 Bh6 27. Re1 Rd8
28. Rd1 Qf7 29. Nxd6 Qe7 30. Qc4+ Kg7 31. Qc5 Bg5 32. Rd5 Bf6 33. Ne4 Rxd5 34.
Qxd5 Qxb4 35. b3 Qd4 36. Qxd4 exd4 37. Nxf6 1-0

[Event "25th Czech Rapid G1 2014"]
[Site "Pardubice CZE"]
[Date "2014.07.17"]
[Round "9.14"]
[White "Potapov, Pavel"]
[Black "Zubritskiy, Artyom"]
[Result "1-0"]
[WhiteTitle "IM"]
[WhiteElo "2482"]
[BlackElo "2335"]
[WhiteFideId "4169786"]
[BlackFideId "4181247"]
[EventDate "2014.07.16"]

1. e4 c5 2. c3 d6 3. d4 Nf6 4. Bd3 g6 5. Ne2 Bg7 6. f3 O-O 7. Be3 Qc7 8. O-O a6
9. a4 b6 10. Nd2 Bb7 11. b4 Nbd7 12. Ng3 Rfc8 13. Ra3 e6 14. f4 cxb4 15. cxb4 e5
16. fxe5 dxe5 17. d5 a5 18. b5 Ne8 19. Nc4 Nd6 20. Rc3 Nc5 21. Nxd6 Qxd6 22. Qc2
h5 23. Bxc5 Rxc5 24. Rxc5 bxc5 25. Bc4 Bh6 26. Qd3 Rf8 27. Qf3 Bg5 28. Qc3 Ra8
29. Ne2 Bc8 30. Nc1 h4 31. Nb3 h3 32. g3 Bg4 33. Nxa5 Kg7 34. Nb7 Qe7 35. d6
Qxb7 36. Rxf7+ Qxf7 37. Bxf7 Kxf7 38. b6 1-0

[Event "25th Czech Rapid G1 2014"]
[Site "Pardubice CZE"]
[Date "2014.07.17"]
[Round "9.15"]
[White "Lehmann, Holger"]
[Black "Venkatesh, M.R."]
[Result "1/2-1/2"]
[BlackTitle "GM"]
[WhiteElo "2185"]
[BlackElo "2498"]
[WhiteFideId "4620275"]
[BlackFideId "5005779"]
[EventDate "2014.07.16"]

1. d4 Nf6 2. c4 e6 3. Nc3 Bb4 4. f3 d5 5. a3 Bxc3+ 6. bxc3 c5 7. cxd5 Nxd5 8.
dxc5 f5 9. Nh3 Qa5 10. Qb3 Nd7 11. e4 fxe4 12. fxe4 Nc7 13. Be3 Nxc5 14. Qb4
Qxb4 15. cxb4 Nxe4 16. Bd3 Nf6 17. O-O O-O 18. Bc5 Rd8 19. Rad1 Ncd5 20. Ng5 Bd7
21. Ne4 Ba4 22. Rde1 b6 23. Bd4 Nxb4 24. Nxf6+ gxf6 25. Bxf6 Nxd3 26. Re3 Be8
27. Bxd8 Rxd8 28. Rxe6 Bg6 29. h4 Rd4 30. Re7 Rxh4 31. Rf6 Ra4 32. Rd6 Kf8 33.
Rb7 Ke8 34. Re6+ Kd8 35. Rd6+ Kc8 36. Rg7 Ne5 37. Re6 Re4 38. Ree7 Kd8 39. Rxa7
Re1+ 40. Kh2 Nf7 41. Rgxf7 Bxf7 42. Rxf7 1/2-1/2

[Event "25th Czech Rapid G1 2014"]
[Site "Pardubice CZE"]
[Date "2014.07.17"]
[Round "9.16"]
[White "Gorbatov, Alexej"]
[Black "Jansa, Vlastimil"]
[Result "1-0"]
[WhiteTitle "IM"]
[BlackTitle "GM"]
[WhiteElo "2358"]
[BlackElo "2453"]
[WhiteFideId "4111834"]
[BlackFideId "300128"]
[EventDate "2014.07.16"]

1. c4 g6 2. d4 Nf6 3. Nf3 Bg7 4. e3 O-O 5. Be2 c5 6. d5 d6 7. Nc3 e6 8. O-O exd5
9. cxd5 Re8 10. Nd2 Na6 11. e4 Nc7 12. f3 a6 13. a4 b6 14. Nc4 Rb8 15. Bf4 Nh5
16. Bxd6 Bd4+ 17. Kh1 b5 18. axb5 axb5 19. Ra7 Bb7 20. Bxc7 Qxc7 21. Nxb5 Qe7
22. Nxd4 cxd4 23. Qxd4 Nf4 24. Bd3 Qb4 25. Bc2 Rec8 26. b3 Ne2 27. Qe3 Nc3 28.
Qd2 Nxd5 29. Qxb4 Nxb4 30. Bd1 Ba6 31. Be2 Ra8 32. Rxa8 Rxa8 33. Ra1 Rd8 34. Kg1
Bb5 35. Ra5 Rb8 36. Kf2 Kf8 37. Ne5 f6 38. Nxg6+ hxg6 39. Rxb5 Rxb5 40. Bxb5 g5
41. Ke3 Ke7 42. g3 Nc2+ 43. Kf2 Ke6 44. f4 g4 45. Be2 Ne1 46. Kxe1 1-0

[Event "25th Czech Rapid G1 2014"]
[Site "Pardubice CZE"]
[Date "2014.07.17"]
[Round "9.17"]
[White "Klukin, Kirill"]
[Black "Bochkarev, Alexander"]
[Result "0-1"]
[BlackTitle "FM"]
[WhiteElo "2067"]
[BlackElo "2438"]
[WhiteFideId "24199273"]
[BlackFideId "4140230"]
[EventDate "2014.07.16"]

1. d4 d5 2. Nf3 Nc6 3. c4 Bg4 4. e3 e6 5. Nc3 Bb4 6. Bd2 Nf6 7. Be2 O-O 8. O-O
Re8 9. h3 Bh5 10. Qb3 Rb8 11. a3 Bxc3 12. Bxc3 Ne4 13. Rac1 Ne7 14. Qc2 c6 15.
Ne5 Bxe2 16. Qxe2 Ng6 17. Nxg6 hxg6 18. Be1 Qg5 19. f3 Nd6 20. b3 e5 21. dxe5
Qxe5 22. cxd5 cxd5 23. Bf2 Nf5 24. Rfe1 a6 25. Qd3 Rbd8 26. Rcd1 Qf6 27. Re2 Rd6
28. Be1 Qg5 29. Bd2 Qf6 30. Bb4 Rdd8 31. Bc3 Qg5 32. Bd2 Re6 33. Ba5 Rde8 34.
Qxd5 Re5 35. Qd2 Ng3 36. Bb6 Nxe2+ 37. Qxe2 Rb5 38. Bd4 Rxb3 39. a4 b5 40. axb5
Qxb5 41. Qc2 a5 0-1

[Event "25th Czech Rapid G1 2014"]
[Site "Pardubice CZE"]
[Date "2014.07.17"]
[Round "9.18"]
[White "Westerberg, Jonathan"]
[Black "Belyakov, Bogdan"]
[Result "0-1"]
[WhiteTitle "FM"]
[BlackTitle "IM"]
[WhiteElo "2412"]
[BlackElo "2456"]
[WhiteFideId "1701754"]
[BlackFideId "24104795"]
[EventDate "2014.07.16"]

1. e4 e5 2. Nf3 Nc6 3. Bc4 Nf6 4. d4 exd4 5. e5 d5 6. Bb5 Ne4 7. Nxd4 Bd7 8.
Bxc6 bxc6 9. O-O Bc5 10. f3 Ng5 11. f4 Ne4 12. Be3 Bb6 13. Nd2 Nxd2 14. Qxd2 c5
15. Nf3 d4 16. Bf2 Bc6 17. Bh4 Qd5 18. f5 Kd7 19. e6+ Kc8 20. exf7 Kb7 21. Qg5
Rhf8 22. a4 a5 23. Rae1 c4 24. Re5 Qxf7 25. Bf2 Qf6 26. Qg3 Rad8 27. Ng5 Rfe8
28. Ne6 Rd5 29. Rfe1 Rxe5 30. Rxe5 g6 31. Qf4 gxf5 32. Bh4 Qg6 33. Ng5 h6 0-1

[Event "25th Czech Rapid G1 2014"]
[Site "Pardubice CZE"]
[Date "2014.07.17"]
[Round "9.19"]
[White "Zwardon, Vojtech"]
[Black "Zpevak, Pavel"]
[Result "1/2-1/2"]
[WhiteTitle "IM"]
[BlackTitle "IM"]
[WhiteElo "2399"]
[BlackElo "2362"]
[WhiteFideId "325511"]
[BlackFideId "300586"]
[EventDate "2014.07.16"]

1. c4 d6 2. g3 g6 3. Bg2 Bg7 4. Nc3 Nf6 5. d3 O-O 6. Bg5 h6 7. Bd2 e5 8. Qc1 Kh7
9. h4 Nc6 10. h5 g5 11. Nf3 Nd4 12. Nxg5+ hxg5 13. h6 Bh8 14. Bxg5 Bf5 15. Bxb7
c6 16. Bxa8 Qxa8 17. Qd2 d5 18. cxd5 cxd5 19. O-O-O Rc8 20. Kb1 Qb7 21. Rc1 Rb8
22. f3 Nd7 23. g4 Be6 24. Rhf1 Nc5 25. e3 Nb5 26. Nxb5 Qxb5 27. Rc3 d4 28. Ra3
e4 29. fxe4 dxe3 30. Bxe3 Bxb2 31. Ra5 Qb7 32. Kc2 Nb3 33. Qe1 Nxa5 34. Qxa5
Rc8+ 35. Kd1 Bxg4+ 36. Kd2 Bc3+ 37. Qxc3 Rxc3 38. Kxc3 Qa6 39. Rxf7+ Kg6 40.
Rg7+ Kh5 41. Rxa7 Qc6+ 42. Kd2 Qb5 43. Kc3 Be2 44. h7 Qxd3+ 45. Kb2 Qb5+ 46. Kc1
Qe5 47. Ra5 Qxa5 48. h8=Q+ Kg4 49. Bd2 Qxa2 50. Qg7+ Kh3 51. Qh6+ Kg2 52. Qg5+
Kh1 53. Qh4+ Kg2 54. Qg5+ Kh1 55. Bc3 Qc4 56. Qe3 Qd3 57. Qxd3 1/2-1/2

[Event "25th Czech Rapid G1 2014"]
[Site "Pardubice CZE"]
[Date "2014.07.17"]
[Round "9.20"]
[White "Hnydiuk, Aleksander"]
[Black "Setyaki, Azarya Jodi"]
[Result "1-0"]
[WhiteTitle "IM"]
[BlackTitle "CM"]
[WhiteElo "2375"]
[BlackElo "2231"]
[WhiteFideId "1109057"]
[BlackFideId "7101589"]
[EventDate "2014.07.16"]

1. Nf3 Nf6 2. c4 g6 3. g3 Bg7 4. Bg2 d5 5. cxd5 Nxd5 6. d4 O-O 7. O-O Nb6 8. Nc3
Nc6 9. e3 Re8 10. Re1 e5 11. d5 Na5 12. e4 c6 13. Bg5 f6 14. Be3 Nac4 15. dxc6
bxc6 16. Qc2 Nxe3 17. Rxe3 Be6 18. Na4 Nxa4 19. Qxa4 Qb6 20. Qc2 c5 21. b3 Rac8
22. Bf1 Qb4 23. Rc3 Red8 24. Bc4 Bxc4 25. Rxc4 Qb7 26. Rd1 f5 27. Rxd8+ Rxd8 28.
Rxc5 fxe4 29. Ng5 Qb4 30. Nxe4 h6 31. Rc8 Rxc8 32. Qxc8+ Kh7 33. Qc2 a5 34. h4
Qb6 35. h5 Kh8 36. Qc8+ Kh7 37. Qg4 gxh5 38. Qxh5 Qd8 39. Qf5+ Kh8 40. Qf3 Qc8
41. Kg2 Qd8 42. g4 Qc8 43. Ng3 Qc2 44. a4 Qg6 45. Qa8+ Kh7 46. Qf3 Qg5 47. Nh5
Qg6 48. Kh3 e4 49. Qf4 Qe6 50. Qc7 Qxb3+ 51. Kh2 Qc3 52. Qxc3 Bxc3 53. Kg2 Bd4
54. Ng3 e3 55. f4 Kg6 56. Kf3 Bc5 57. Ne4 Bb6 58. Nd6 h5 59. gxh5+ Kxh5 60. Nc4
Bc7 61. Nxe3 Kg6 62. Ke4 Bb6 63. f5+ Kf7 64. Nd5 Bc5 65. Ke5 Ba3 66. Ne3 Bb2+
67. Ke4 Bc3 68. Kd3 Be1 69. Nd5 Kg8 70. Ke4 Kf7 71. Ne3 Bc3 72. Ng4 Bb2 73. Kf4
Bc1+ 74. Ke5 Bb2+ 75. Kd5 Bc3 76. Nf2 Bb4 77. Ne4 Be1 78. f6 Bb4 79. Ke5 Ba3 80.
Kf5 Bb2 81. Ng5+ Ke8 82. Ke6 Kd8 83. f7 Ba3 84. Nh7 Kc7 85. Kd5 1-0

[Event "25th Czech Rapid G1 2014"]
[Site "Pardubice CZE"]
[Date "2014.07.17"]
[Round "9.21"]
[White "Sundararajan, Kidambi"]
[Black "Kourousis, Epaminondas"]
[Result "1-0"]
[WhiteTitle "GM"]
[WhiteElo "2414"]
[BlackElo "2364"]
[WhiteFideId "5005370"]
[BlackFideId "4211626"]
[EventDate "2014.07.16"]

1. g3 Nf6 2. Bg2 d5 3. Nf3 c6 4. c4 Bf5 5. cxd5 cxd5 6. Qb3 Qc8 7. Nc3 e6 8. O-O
Nc6 9. d3 Be7 10. Bf4 O-O 11. Rac1 Qd7 12. e4 Bg4 13. Ne5 Nxe5 14. Bxe5 dxe4 15.
dxe4 Rfd8 16. h3 Bh5 17. g4 Bg6 18. Rfd1 Qe8 19. Qxb7 Nd7 20. Bd6 Bxd6 21. Rxd6
Nc5 22. Rxd8 Qxd8 23. Qb5 Qe7 24. Ne2 Nd7 25. Rc7 Rd8 26. e5 1-0

[Event "25th Czech Rapid G1 2014"]
[Site "Pardubice CZE"]
[Date "2014.07.17"]
[Round "9.22"]
[White "Villegas, Pierre"]
[Black "Teske, Henrik"]
[Result "0-1"]
[WhiteTitle "FM"]
[BlackTitle "GM"]
[WhiteElo "2291"]
[BlackElo "2512"]
[WhiteFideId "654183"]
[BlackFideId "4611500"]
[EventDate "2014.07.16"]

1. d4 Na6 2. e4 c5 3. d5 d6 4. Nf3 g6 5. Bb5+ Bd7 6. a4 Bg7 7. O-O Nc7 8. Be2
Nf6 9. Nc3 O-O 10. h3 a6 11. Bf4 b5 12. axb5 axb5 13. Rxa8 Qxa8 14. e5 Nfxd5 15.
exd6 Nxf4 16. dxc7 Bxc3 17. bxc3 Qc6 18. Qd2 Qxc7 19. Rd1 Bc6 20. Qe3 Nxe2+ 21.
Qxe2 Rd8 22. Rxd8+ Qxd8 23. Ne5 Be8 24. Qe3 Qd1+ 25. Kh2 Qd6 26. g3 c4 27. Nf3
Bc6 28. Nd4 Bd7 29. f4 f6 30. Kg1 Bxh3 31. Qf3 Bd7 32. Qb7 e5 33. fxe5 fxe5 34.
Ne2 Bg4 35. Qe4 Qd1+ 36. Kf2 Qxe2+ 37. Qxe2 Bxe2 38. Kxe2 Kf7 0-1

[Event "25th Czech Rapid G1 2014"]
[Site "Pardubice CZE"]
[Date "2014.07.17"]
[Round "9.23"]
[White "Korinek, Ondrej"]
[Black "Yuffa, Daniil"]
[Result "0-1"]
[WhiteTitle "FM"]
[BlackTitle "IM"]
[WhiteElo "2331"]
[BlackElo "2447"]
[WhiteFideId "319856"]
[BlackFideId "24131423"]
[EventDate "2014.07.16"]

1. e4 c6 2. d4 d5 3. Nc3 dxe4 4. Nxe4 Bf5 5. Ng3 Bg6 6. Nf3 Nd7 7. h4 h6 8. h5
Bh7 9. Bd3 Bxd3 10. Qxd3 e6 11. Bd2 Ngf6 12. O-O-O Be7 13. Ne4 Nxe4 14. Qxe4 Nf6
15. Qe2 Qd5 16. Kb1 Nxh5 17. Ne5 Nf6 18. f3 Nd7 19. c4 Qd6 20. Bf4 Qb4 21. a3
Qa4 22. Nxd7 Kxd7 23. Be5 f6 24. Bg3 Rhe8 25. d5 cxd5 26. cxd5 e5 27. d6 Bxd6
28. Qd3 Qa6 29. Qg6 Re7 30. f4 Rae8 31. fxe5 fxe5 32. Bh4 Re6 33. Qxg7+ Kc8 34.
Bg3 Qe2 35. Rc1+ Kb8 36. Rxh6 Qd3+ 37. Ka1 Rxh6 38. Qxh6 a6 39. Bf2 e4 40. Rc3
Qd1+ 41. Rc1 Qd3 42. Qe3 Qxe3 43. Bxe3 Rg8 44. Rc2 Rg3 45. Re2 Kc7 46. Bd4 Rg4
47. Rc2+ Kd7 48. Ka2 Ke6 49. Kb3 Kd5 50. Rd2 Bf4 51. Be3+ Ke5 52. Bd4+ Kf5 53.
Re2 e3 54. Kc2 Ke4 55. Ba7 Rg6 56. b4 0-1

[Event "25th Czech Rapid G1 2014"]
[Site "Pardubice CZE"]
[Date "2014.07.17"]
[Round "9.24"]
[White "Pisk, Petr"]
[Black "Bystrov, Sergej M."]
[Result "1-0"]
[WhiteTitle "IM"]
[BlackTitle "IM"]
[WhiteElo "2390"]
[BlackElo "2280"]
[WhiteFideId "304689"]
[BlackFideId "4118561"]
[EventDate "2014.07.16"]

1. e4 c5 2. d4 cxd4 3. c3 d3 4. Bxd3 Nc6 5. Nf3 d6 6. h3 Nf6 7. O-O a6 8. Re1 e6
9. a4 Be7 10. Bf4 O-O 11. Nbd2 b6 12. Qe2 Bb7 13. Red1 Qc7 14. Nc4 e5 15. Bg5
Rfd8 16. Ne3 Na5 17. b4 Nxe4 18. Bxe4 Bxe4 19. Bxe7 Qxe7 20. bxa5 bxa5 21. Nd5 1-0

[Event "25th Czech Rapid G1 2014"]
[Site "Pardubice CZE"]
[Date "2014.07.17"]
[Round "9.25"]
[White "Cerveny, Martin"]
[Black "Priasmoro, Novendra"]
[Result "1-0"]
[WhiteTitle "FM"]
[WhiteElo "2375"]
[BlackElo "2282"]
[WhiteFideId "321141"]
[BlackFideId "7105029"]
[EventDate "2014.07.16"]

1. d4 Nf6 2. c4 g6 3. Nc3 d5 4. cxd5 Nxd5 5. e4 Nxc3 6. bxc3 Bg7 7. Nf3 c5 8.
Rb1 O-O 9. Be2 cxd4 10. cxd4 Qa5+ 11. Qd2 Qxd2+ 12. Bxd2 b6 13. Rc1 Bb7 14. Bd3
Nc6 15. d5 Ne5 16. Nxe5 Bxe5 17. f4 Bd6 18. Ke2 Rac8 19. Be3 Ba3 20. Rxc8 Rxc8
21. g4 e6 22. dxe6 fxe6 23. Rd1 Kf8 24. h4 Bc5 25. g5 Bxe3 26. Kxe3 Rc3 27. Kd4
Ra3 28. Rc1 e5+ 29. fxe5 Ra4+ 30. Rc4 Rxc4+ 31. Bxc4 Ke7 32. Bg8 Bc8 33. Bxh7
Kf7 34. h5 gxh5 35. Bf5 Be6 36. g6+ Ke7 37. g7 Bg8 38. e6 h4 39. Kd5 Kf6 40. Kd6
Kxg7 41. e5 b5 42. e7 Bf7 43. Bd7 b4 44. e6 Bg6 45. e8=Q Kf6 1-0

[Event "25th Czech Rapid G1 2014"]
[Site "Pardubice CZE"]
[Date "2014.07.17"]
[Round "9.26"]
[White "Shalimov, Valery"]
[Black "Maslak, Alexander"]
[Result "1-0"]
[WhiteTitle "IM"]
[WhiteElo "2412"]
[BlackElo "2170"]
[WhiteFideId "14104881"]
[BlackFideId "4130871"]
[EventDate "2014.07.16"]

1. d4 Nf6 2. Nf3 g6 3. Bg5 Bg7 4. c3 b6 5. Nbd2 Bb7 6. e3 O-O 7. Bd3 d6 8. O-O
Nbd7 9. Qe2 a5 10. e4 e5 11. dxe5 dxe5 12. Rfd1 Qe7 13. Nc4 Qe6 14. Nfd2 Nc5 15.
Bc2 h6 16. Bh4 Nh5 17. b4 axb4 18. cxb4 Na4 19. Qe3 Qg4 20. Bg3 Nxg3 21. hxg3
Rfe8 22. Bb3 h5 23. Rac1 h4 24. gxh4 Qxh4 25. Qf3 Qf4 26. Ne3 Nb2 27. Rxc7 Nxd1
28. Bxf7+ Kf8 29. Bxe8 Qxf3 30. Nxf3 Nxe3 31. Rxb7 Rxe8 32. fxe3 Ra8 33. Rxb6
Rxa2 34. Rxg6 Re2 35. Nh4 Kf7 36. Rb6 Bf8 37. Nf5 Rb2 38. b5 Bc5 39. Rb7+ Kf6
40. Kf1 Rb4 41. Rc7 Rxb5 42. Ke2 Bf8 43. Rc8 Ba3 44. g4 Rb1 45. Kf2 Bb4 46. Kg2
Be1 47. Rf8+ Kg6 48. Rg8+ Kf7 49. Rg7+ Kf8 50. Ra7 Rb2+ 51. Kh3 Rb4 52. g5 Rxe4
53. g6 Ke8 1-0

[Event "25th Czech Rapid G1 2014"]
[Site "Pardubice CZE"]
[Date "2014.07.17"]
[Round "9.27"]
[White "Vrana, Jan"]
[Black "Ageichenko, Genadi A"]
[Result "0-1"]
[WhiteTitle "FM"]
[BlackTitle "IM"]
[WhiteElo "2374"]
[BlackElo "2297"]
[WhiteFideId "322369"]
[BlackFideId "4105222"]
[EventDate "2014.07.16"]

1. e4 c6 2. d4 d5 3. exd5 cxd5 4. c4 Nf6 5. Nc3 e6 6. Nf3 Be7 7. cxd5 Nxd5 8.
Bd3 O-O 9. O-O Nc6 10. Re1 Bf6 11. Be4 Nce7 12. Qc2 h6 13. a3 Qd6 14. Bd2 Bd7
15. Rad1 Rac8 16. Ne5 Bc6 17. Nxc6 Rxc6 18. Qd3 a6 19. Bc1 Rfc8 20. Ne2 b5 21.
Qh3 R6c7 22. Ng3 Bxd4 23. Bxh6 gxh6 24. Rxd4 Rc1 25. Rdd1 Qf4 26. Bd3 Rxd1 27.
Rxd1 Rc1 28. Rf1 Qg5 29. Ne4 Rxf1+ 30. Bxf1 Qc1 31. Qg3+ Ng6 32. b4 Nf4 33. Qe3
Qb1 34. g3 Nd5 35. Qd3 Qa1 36. Nc5 Ne5 37. Qb3 Nc4 38. Nxa6 Qxf1+ 39. Kxf1 Nd2+
40. Ke2 Nxb3 41. Kd3 Nc1+ 42. Kd2 Na2 43. Nc5 Nac3 44. a4 Nxa4 0-1

[Event "25th Czech Rapid G1 2014"]
[Site "Pardubice CZE"]
[Date "2014.07.17"]
[Round "9.28"]
[White "Novotny, Michal"]
[Black "Galchenko, Matvei"]
[Result "1-0"]
[WhiteTitle "FM"]
[WhiteElo "2354"]
[BlackElo "1878"]
[WhiteFideId "310980"]
[BlackFideId "34135992"]
[EventDate "2014.07.16"]

1. e4 e6 2. d4 d5 3. e5 c5 4. c3 Qb6 5. Nf3 Nc6 6. a3 Bd7 7. Be2 cxd4 8. cxd4
Nh6 9. b4 Nf5 10. Be3 Be7 11. O-O O-O 12. Bd3 Nxe3 13. fxe3 f6 14. exf6 Bxf6 15.
Kh1 e5 16. Nc3 exd4 17. Nxd5 Qd8 18. Nxf6+ Qxf6 19. exd4 Bg4 20. b5 Ne7 21. Qb3+
Be6 22. Bc4 Bxc4 23. Qxc4+ Qf7 24. Rac1 Qxc4 25. Rxc4 Nd5 26. Rc5 Rad8 27. Re1
Rd7 28. Kg1 Nf4 29. Re3 Nd5 30. Re4 b6 31. Rc6 Nf6 32. Re2 h6 33. h3 Nh5 34. Kh2
Nf4 35. Rec2 Nd5 36. Ne5 Rdd8 37. Re6 Ne3 38. Rc7 Rxd4 39. Ng6 Nd5 40. Rxa7 Rd8
41. Ne7+ Kf7 42. Re2 Nf6 43. Nc6+ R8d7 44. Ne5+ 1-0

[Event "25th Czech Rapid G1 2014"]
[Site "Pardubice CZE"]
[Date "2014.07.17"]
[Round "9.29"]
[White "Rodionova, Polina"]
[Black "Nun, Jiri"]
[Result "0-1"]
[WhiteTitle "WFM"]
[BlackTitle "IM"]
[WhiteElo "2138"]
[BlackElo "2351"]
[WhiteFideId "24102555"]
[BlackFideId "300179"]
[EventDate "2014.07.16"]

1. e4 c5 2. Nf3 Nc6 3. Bb5 Na5 4. O-O a6 5. Be2 b5 6. d4 cxd4 7. Nxd4 Bb7 8. f3
e6 9. a4 b4 10. Be3 Nf6 11. c3 d5 12. e5 Nd7 13. f4 g6 14. Qd2 bxc3 15. Nxc3 Bc5
16. Rab1 Rc8 17. b4 Nc4 18. Bxc4 Bxd4 19. Bxd4 Rxc4 20. b5 O-O 21. Rb3 Qa5 22.
Rd1 Rfc8 23. Qe3 Nc5 24. Bxc5 R4xc5 25. Rd3 Rc4 26. bxa6 Bxa6 27. Nb5 Rxa4 28.
Nd6 Bxd3 29. Nxc8 Ra1+ 30. Kf2 Qa2+ 0-1

[Event "25th Czech Rapid G1 2014"]
[Site "Pardubice CZE"]
[Date "2014.07.17"]
[Round "9.30"]
[White "Lokander, Martin"]
[Black "Reutsky, Sergei"]
[Result "1/2-1/2"]
[WhiteTitle "FM"]
[BlackTitle "IM"]
[WhiteElo "2309"]
[BlackElo "2387"]
[WhiteFideId "1709569"]
[BlackFideId "4157419"]
[EventDate "2014.07.16"]

1. d4 d5 2. c4 e6 3. Nc3 c5 4. cxd5 exd5 5. Nf3 Nc6 6. dxc5 d4 7. Na4 Be6 8. a3
Be7 9. e3 dxe3 10. Qxd8+ Rxd8 11. Bxe3 Nf6 12. Bb5 O-O 13. Bxc6 bxc6 14. Nd4 Bd5
15. f3 Rfe8 16. Kf2 Nd7 17. Nf5 Bf6 18. Nd6 Re6 19. Nc3 Bxc3 20. bxc3 Ne5 21.
Rhd1 Rb8 22. Rab1 Rxb1 23. Rxb1 h6 24. Rd1 a5 25. Rd4 Bb3 26. h3 Bc2 27. Rd2 Bb3
28. f4 Nc4 29. Nxc4 Bxc4 30. Rd8+ Kh7 31. Ra8 Re7 32. Rxa5 Rb7 33. Bd2 Rd7 34.
Be3 Rd3 35. Ra4 Rxc3 36. Bd2 Rc2 37. Ke3 Bd5 38. g3 Rxc5 39. Rb4 Rc2 40. f5 Ra2
41. Ra4 Bg2 42. f6 gxf6 43. h4 h5 44. Bc3 Kg6 45. Rf4 f5 46. a4 Be4 47. a5 c5
48. Rf1 Ra3 49. Rc1 f6 50. Kf4 Kf7 51. Ke3 Ke6 52. Kf4 Ra4 53. Ra1 Rc4 54. Ra3
Bd5+ 55. Ke3 Re4+ 56. Kf2 f4 57. a6 fxg3+ 58. Kxg3 Rg4+ 59. Kf2 Rxh4 60. a7 Ba8
61. Ra6+ Kd5 62. Rxf6 Ra4 63. Rf5+ Kc6 64. Bd2 Ra2 65. Ke1 h4 66. Rh5 h3 67.
Rxh3 Rxa7 68. Rh6+ Kb5 69. Bc3 Rd7 70. Rh3 Kc4 71. Ke2 Bg2 72. Rg3 Be4 73. Bd2
Bd3+ 74. Kf2 Rf7+ 75. Rf3 Re7 76. Be3 Be4 77. Rf8 Rc7 78. Re8 Kd3 79. Rd8+ Kc3
80. Re8 Bd3 81. Bxc5 Rxc5 82. Ke3 Bc4 83. Re7 Rd5 84. Ke4 Rd1 85. Rg7 Re1+ 86.
Kf4 Kd4 87. Rd7+ Bd5 88. Ra7 Rf1+ 89. Kg5 Ke5 90. Rg7 Be6 91. Rg6 Bf7 92. Rg7
Be6 93. Rg6 Rg1+ 94. Kh6 Rh1+ 95. Kg5 Bf5 96. Rg7 Be6 97. Rg6 Rg1+ 98. Kh6 Ra1
99. Kg5 Ra2 100. Kh6 Bf5 101. Rg7 Ra6+ 102. Kg5 Ra4 103. Re7+ Be6 104. Rg7 Rb4
105. Rg6 Bf7 106. Rg7 Rb7 107. Rh7 Ra7 108. Rg7 Ke6 109. Rh7 Ra5+ 110. Kf4 Bg6
111. Rb7 Ra4+ 112. Ke3 Bf5 113. Rb6+ Ke5 114. Rb5+ Kf6 115. Rb6+ Kg5 116. Rb5
Re4+ 117. Kf3 Rd4 118. Rb2 Rd3+ 119. Ke2 Kf4 120. Rd2 Re3+ 121. Kf2 Rh3 122.
Rd4+ Be4 123. Rd2 Bd3 124. Kg2 Rg3+ 125. Kf2 Rf3+ 126. Kg2 Bf1+ 127. Kh2 Ke3
128. Rb2 Be2 129. Kg2 Rf6 130. Rb3+ Bd3 131. Rb8 Rg6+ 132. Kh3 Bf5+ 133. Kh4 Kf4
134. Rb4+ Be4 135. Kh5 Rg7 136. Rb6 Bd3 137. Rc6 Rh7+ 138. Rh6 Re7 139. Rb6 Kf5
140. Kh4 Re3 141. Rc6 Kf4 142. Rc7 Bf5 143. Rc4+ Be4 144. Ra4 Re1 145. Ra3 Rb1
146. Rg3 Rh1+ 147. Rh3 Rxh3+ 148. Kxh3 1/2-1/2

[Event "25th Czech Rapid G1 2014"]
[Site "Pardubice CZE"]
[Date "2014.07.17"]
[Round "9.31"]
[White "Ekdyshman, Mikhail"]
[Black "Keilhack, Harald"]
[Result "1/2-1/2"]
[WhiteTitle "IM"]
[BlackTitle "FM"]
[WhiteElo "2369"]
[BlackElo "2250"]
[WhiteFideId "4149416"]
[BlackFideId "4601904"]
[EventDate "2014.07.16"]

1. e4 c5 2. Nf3 e6 3. d4 cxd4 4. Nxd4 Nf6 5. Nc3 d6 6. Bd3 a6 7. O-O b5 8. Be3
Bb7 9. a3 Nbd7 10. f4 Qc7 11. Qf3 Be7 12. Rae1 O-O 13. g4 Nc5 14. g5 Nfd7 15. f5
Ne5 16. Qh3 Ncxd3 17. cxd3 Nxd3 18. Re2 e5 19. g6 hxg6 20. fxg6 fxg6 21. Qe6+
Kh7 22. Qh3+ Kg8 23. Qe6+ Kh7 24. Rf3 Rxf3 25. Nxf3 Rf8 26. Rg2 Bf6 27. Rg3 Qf7
28. Qxd6 Rd8 29. Qe6 Rf8 30. Qg4 Nxb2 1/2-1/2